000
00308nam a2200121Ia 4500
008
220204s9999 xx 000 0 und d
082
_a
030=573.14=16.1
_b
RUS
100
_a
Makarenko, M C
245
0
_a
Malayalam-Russian nighantu
260
_a
Moscow
_b
Soviet Encyclopedia
_c
1971
700
_a
V A
942
_c
BK
999
_c
24143
_d
24143